000 00689nam a2200217Ia 4500
008 100315s9999 xx 000 0 und d
040 _cENGLISH 
082 _b3476 
100 _a"Singavi, Vijay, Chopde, L.N., Singavi, Vishal "
245 _aDirect & Indirect Taxes
250 _a15th 
260 _aMumbai 
_bsheth  
_c1999 
300 _a500p. 
365 _eRupees 
_d
_b120.00 
366 _f
505 _gTushar Jadhav 
620 _a"Basis of Charges, Heads of Income, Salaries, Income From House Property, Central Excise Act, 1944, Bombay Sales Act,1959 "
630 _aDirect & Indirect Taxes
730 _aDirect & Indirect Taxes
942 _cBOOK
999 _c478211
_d478208